| 000 | 00679cam a2200193 4500 | ||
|---|---|---|---|
| 001 | ABS61269 | ||
| 008 | 000000n 000 0 eng u | ||
| 035 | _a(Sirsi) u101890 | ||
| 100 | _aDanaher, T. | ||
| 245 | _aLoosening the old school ties. | ||
| 490 |
_aProperty Week _v64(33) 27 August 1999, 28-29(2) |
||
| 520 | _aConsiders the apparent survival of the middle class old school network in the property profession, and looks at attempts to increase diversity. | ||
| 650 | _aDIVERSIFICATION | ||
| 650 | _aRICS EDUCATION TASKFORCE | ||
| 650 | _aRECRUITMENT | ||
| 650 | _aEQUAL OPPORTUNITIES | ||
| 690 | _aMANAGEMENT-BUSINESS MANAGEMENT-PROFESSIONAL PRACTICE | ||
| 942 | _n0 | ||
| 999 |
_c60991 _d60991 |
||